Singapore - True or False - Statistics

General Stats
  • This quiz has been taken 861 times
  • The average score is 12 of 15
Answer Stats
Question Answer % Correct
The capital of Singapore is Yerevan. False
96%
Singapore is one of the safest countries in the world. True
94%
In Singapore, they use UK spelling over US spelling. True
92%
Singapore is the least corrupt city in Asia and the fifth least corrupt in the world. True
92%
Camping originated in Singapore. False
90%
The official languages of Singapore are Malay, English, Tamil, and Mandarin Chinese. True
90%
Austria wanted Singapore, and ended up starting a war for it. False
87%
Indonesia kicked Singapore out of the country in 1965. False
87%
Chewing gum is banned in Singapore. True
85%
Singapore is about 56 years old. True
72%
One out of every six people in Singapore have assets worth more than 1 million USD. True
69%
There is a city of man-made waterfalls. True
65%
The Lion City may actually have been inspired by a tiger True
64%
In Singapore, you can buy noodles with swirled Vanilla and Chocolate ice cream on top. False
63%
Singapore has been in almost zero wars. False
55%
No matching quizzes found
Score Distribution
Percent of People with Each Score
Percentile by Number Answered
Your Score History
You have not taken this quiz